| 000 | 00609nam a2200193 i 4500 | ||
|---|---|---|---|
| 001 | 146180 | ||
| 003 | ES-MaACL | ||
| 005 | 20250811100320.0 | ||
| 007 | t| | ||
| 008 | 070904s1946 sp ||||1| spa d | ||
| 100 | 1 |
_aTramer, Moritz. _9111216 |
|
| 245 | 1 | 0 |
_aManual de psiquiatria infantil / _cMoritz Tramer ; prólogo de los Dres. Germain y Valenciano. |
| 260 |
_aMadrid : _bMorata, _c1946. |
||
| 300 |
_a438 p. : _bil. ; _c25 cm. |
||
| 650 | 0 | 7 |
_aPsiquiatría infantil _2embne _916595 |
| 700 | 1 |
_aGermain, José ( _d1897-1986) _9170494 |
|
| 852 |
_aES-MaACL _jE-1793 _bR.22685 |
||
| 999 |
_c146180 _d146180 |
||